MDQL
is popping MORE tags! Check the
thread
!
Quizzes
Events
Quiz Creation
Community
Videos
Private Events
Remove Ads
Sign In
Join for FREE
Feedback
Dark Mode
Quiz Categories
Sports
Geography
Music
Movies
Television
Just For Fun
Miscellaneous
History
Literature
Language
Science
Gaming
Entertainment
Religion
Holiday
For Kids
Quiz Lab
Recent
Popular Today
Quiz Kudos Today
Editor Picks
Curator Picks
Quizzes by...
Day
Popularity
Type
Ratings
Length
Year
Community
Subscriptions
Recent Discussions
Orange Saloon
Badges
Playlists
Quests
Create
Leaderboards
Showdown
Live 5
Trivia Bingo
Activity
Puzzle Library
Sporcle Events
Private Events
Virtual Trivia
Globe League
Become a Host
Pub Owners
SporcleCon
Opinionation
Our Games
Videos
Blog
Mobile Apps
Partnerships
Remove Ads and Go Orange
Feedback
History
US Presidents
World Leaders
Politics
Nation
Discovery
War
Decade
Year
Century
Biography
Art
History
US Presidents
World Leaders
Politics
Nation
Discovery
War
Decade
Year
Century
Biography
Art
Random Quiz
Search Sporcle
×
Quiz Lab
Quiz Lab
History
US Presidents
Type in answers that appear in a list
Type in answers that appear in a list
Classic
Best Score? Go Orange.
Presidential Campaign Slogans Stats
Can you name the the president who had the slogan?
By
dmoney518
7m
20 Questions
236 Plays
236 Plays
236 Plays
Comments
Comments
Give Quiz Kudos
Give Quiz Kudos
-
- Ratings
hide this ad
Forced Order
Answers have to be entered in order
Answers have to be entered in order
Random Order
Randomize order of answers
Randomize order of answers
Replay
Link that replays current quiz
Next Quiz
Link to next quiz in quiz playlist
You Got
0%
They Got
Avg Score
47%
Avg Friend Score
Upgrade to see
Score Distribution
Jump to the score distribution portion of the page
Score
0/20
Timer
07:00
0
Plays Today
Slogan
President
% Correct
Kept Cool With Coolidge
Calvin Coolidge
85.6%
I Like Ike
Dwight Eisenhower
84.7%
Yes We Can
Barack Obama
84.3%
Tippecanoe and Tyler Too
William Henry Harrison
68.6%
Not Just Peanuts
Jimmy Carter
65.3%
Compassionate conservatism
George W. Bush
63.1%
He Kept us out of war
Woodrow Wilson
62.3%
It’s morning again in America
Ronald Reagan
59.7%
A chicken in every pot a car in every garage
Herbert Hoover
59.3%
Don’t stop thinking about tomorrow
Bill Clinton
52.1%
Slogan
President
% Correct
54-
40 or Fight
James K. Polk
48.3%
Return to Normalcy
Warren G. Harding
47.5%
Kinder, Gentler Nation
George H.W. Bush
39.8%
Blaine, Blaine, James G. Blaine The Continental Liar from the State of Maine
Grover Cleveland
33.5%
Vote Yourself a Farm
Abraham Lincoln
19.5%
We Can Do Better
John F. Kennedy
18.6%
He's making us proud again
Gerald Ford
17.4%
Patriotism, Protection, and Prosperity
William McKinley
16.9%
Rejuvinated Republicanism
Benjamin Harrison
12.7%
For President of the People
Zachary Taylor
11%
Quiz Playlist
Details
Report
Send in Message
Add To Playlist
Classic:
Type in answers that appear in a list
Forced Order:
Answers have to be entered in order
Random Order:
Randomize order of answers
Last Updated: Feb 16, 2017
Quiz Scoreboard
CHALLENGE
Sign Up to Join the Scoreboard
Show All
Scores
Hide
Comments
May contain spoilers
Recently Published
Colored Red Africa Blitz
by spor1
Geography
30s
Find the 'City' Movie
by crazypaving
Movies
60s
5x2 Blitz: Bands
by SL_Kpop136
Music
30s
More to Explore
Quiz From the Vault
Featured Blog Post
14 Easter Pick-up Lines to Find Eggs With
hide this ad
You Might Also Like...
Tags
Slogans Quiz
US Presidents Quiz
campaign
Today's Top Quizzes in History
Browse History
hide this ad
Today's Top Quizzes in US Presidents
Browse US Presidents
Top Contributed Quizzes in History
1
I Am Born On March 29th
2
Order Up: 1000 Years of World Events I
3
US National Parks Named After People
4
Popular People in 1951
5
Popular People in 1991
6
Popular People in 1941
7
Popular People in 1921
8
Popular People in 1981
9
Popular People in 1986
10
Popular People in 1976
Explore More
Trending Topics
NBA
Marvel
Anime
Kpop
Disney
Crossword
Harry Potter
NFL
Song
Soccer
The Office
Puzzle
WWE
Pokémon
Country
hide this ad
More By:
dmoney518
Quiz
Plays
Rating
Category
Featured
Created
1989 Detroit Pistons
301
1.00
Sports
Nov 10, 2009
Presidential Campaign Slogans
236
2.75
History
Nov 10, 2009
Go to Creator's Profile
Score Distribution
Quiz Creator Spotlight
dmoney518
Follow
Send a Message
Quizzes Created
-
Created Quiz Play Count
-
More By This Creator
Popular Quizzes Today
1
Colored Red Africa Blitz
2
Find the US States - No Outlines Minefield
3
Find the 'City' Movie
4
5x2 Blitz: Bands
5
The Countries of the World
6
Find the US States
7
Find the Countries of Europe - No Outlines Minefield
8
US States
More History Quizzes
American History Mystery
Published
Trending Quizzes
Colored Red Europe Blitz I
Colored Red Europe Blitz II
Colored Red Africa Blitz II
Colored Red Europe Blitz III
Colored Red Africa Blitz III
Recently Updated
How Do You Spell That?
pecheneg
Godzilla Movies
pecheneg
Grab Bag: 4-10 Letters
pecheneg
2024 March Madness Bracket
pecheneg
Famous TV Couples
Peacemaker
Champions League XIs: Real Madrid
pecheneg
Largest US Cities 1790-2010
pecheneg
Rides in Walt Disney World
pecheneg
Most Oscar Losses (Acting)
pecheneg
Beyoncé Albums
pecheneg
Trending Topics
Anime
Disney
Kpop
Crossword
Marvel
Harry Potter
NBA
Soccer
Pokémon
Puzzle
Country
The Office
Song
WWE
NFL
Your Account Isn't Verified!
In order to create a playlist on Sporcle, you need to verify the email address you used during registration. Go to your
Sporcle Settings
to finish the process.
Report this User
Report this user for behavior that violates our
Community Guidelines
.
Details:
Send Report
Go to the Sporcle.com Mobile Site →
Comments